| 000 | 00739nam a2200217 a 4500 | ||
|---|---|---|---|
| 001 | 000034839 | ||
| 005 | 20200930073933.0 | ||
| 008 | 111020s1946 ag 000 0 spa d | ||
| 040 |
_aDO-SdBNP _bspa _cBNPHU |
||
| 082 |
_axxx _bS468s |
||
| 100 | 1 |
_aSelsam, Howard _960367 |
|
| 240 | 1 | 0 |
_aSocialism and ethics _lEspañol |
| 245 | 1 | 0 |
_aSocialismo y ética / _cHoward Selsam ; traductor Armando Bazan. |
| 260 |
_aBuenos Aires : _bSiglo Veinte, _c1946. |
||
| 300 |
_a284 p. ; _c20 cm. |
||
| 490 | 1 | _aEconomía y política social | |
| 500 | _aTraducido del inglés | ||
| 590 | _aPerteneció a la biblioteca personal de Juan Isidro Jimenes Grullón. | ||
| 700 | 1 |
_aBazan, Armando, _etr. _960368 |
|
| 830 | 0 |
_aEconomía y política social _960369 |
|
| 999 |
_c34330 _d34330 |
||